Get the Picture: Three Little Pigs Quiz Stats

 Plays Quiz Updated Mar 1, 2019

Score 0/12 Timer 03:00
1 Play Today
Question Answer Wrong Answers
A prefix for a popular berry Straw
94.3%
Sticks
1.7%
Brick
2%
Along with stones, may 'break your bones' Sticks
93.9%
Straw
0.5%
Brick
3.3%
Synonym for 'adheres' Sticks
92.9%
Straw
2.3%
Brick
2.7%
A kind of poll or unofficial vote Straw
90%
Sticks
4.2%
Brick
3.5%
Varieties include dip, joy, and fiddle Sticks
88.4%
Straw
7.1%
Brick
2.2%
Known to break a camel's back, idiomatically Straw
86.7%
Sticks
7.5%
Brick
3.6%
You might desperately clutch at some of these Straw
86.5%
Sticks
8.8%
Brick
2.4%
Homophone for a mythological river Sticks
84.5%
Straw
7.7%
Brick
5.4%
Can be used to refer to a poor shot in basketball Brick
80.5%
Straw
10.9%
Sticks
6.4%
One of the main characters in Anchorman Brick
78.1%
Straw
9.6%
Sticks
9.9%
A member of the Rowdyruff Boys in The Powerpuff Girls Brick
62.9%
Straw
14.4%
Sticks
20.5%
Was a 1997 hit song for The Ben Folds Five Brick
54.1%
Straw
10.6%
Sticks
32.7%

Today's Daily Dose

Missing Word
Sherlocks

Word Ladder
King of the Hill

Quick Pick
Songs in Pink

Get the Picture
NBA Teammates

You're not logged in!

Compare scores with friends on all Sporcle quizzes.
OR
Log In

Sporcle TV

Today on Sporcle TV


Watch our educational content, quiz creation guides, and fun videos on Sporcle TV.

Show Comments

Extras

Top Quizzes Today


Score Distribution

Your Account Isn't Verified!

In order to create a playlist on Sporcle, you need to verify the email address you used during registration. Go to your Sporcle Settings to finish the process.

Report this User

Report this user for behavior that violates our Community Guidelines.

Details: